| 000 | 00365nam a2200145Ia 4500 | ||
|---|---|---|---|
| 008 | 191201s2012 xx 000 0 und d | ||
| 082 |
_a620.91 _bQUR |
||
| 100 | _aQUASCHNING,Volker | ||
| 245 | 0 | _aRenewable Energy and Climate Change | |
| 250 | _aRep | ||
| 260 |
_aN. Delhi _bWiley Dreautech India _c2012 |
||
| 300 | _a308 | ||
| 650 | _aB.Tech(ME) | ||
| 942 |
_2ddc _cBK |
||
| 999 |
_c5717 _d5717 |
||